000 00490nam a2200181Ia 4500
001 16873
005 20260306170343.0
008 260306t2011||||xx |||||||||||||| ||und||
041 _aESP
082 _a657.3
_bA62
100 _aApaza Meza, Mario
_eAUT
245 0 _aEstados financieros:
_bformulación - análisis - interpretación conforme a las NIIFs y al PCGE
260 _c2011
300 _a632 páginas :
_c25 cm.
650 _aGEN
654 _aCCO
942 _cLIB
_dJUS
_fJUS
_2ddc
_n
999 _c16873
_d16873